| Поле | Инд. | ПП | Название | Значение |
|---|---|---|---|---|
| Тип записи | a | |||
| Библиографический уровень | b | |||
| 001 | Контрольный номер | 10a4ba3bee224ad2a8ccded4a50f69cb | ||
| 005 | Дата корректировки | 20251121165800.1 | ||
| 008 | Кодируемые данные | 20140826 | ||
| 040 | b | Код языка каталог. | rus | |
| e | Правила каталог. | PSBO | ||
| 041 | 0_ | a | Код языка текста | rus |
| 084 | a | Индекс другой классификации/Индекс ББК | 88.94 | |
| 100 | 1_ | a | Автор | Dolzhenko M. I. |
| q | Полное имя | Dolzhenko Marina Igorevna | ||
| u | Дополнение к имени | Долженко Марина Игоревна | ||
| 245 | 10 | a | Заглавие | Theatrical therapy as one of techniques for socio-cultural rehabilitation of socially unpratected and handicapped people |
| 246 | 01 | a | Другая форма заглавия | Театротерапия как одна из технологий социокультурной реабилитации социально незащищенных слоев населения и людей с ограниченными возможностями |
| 500 | a | Примечание | На английском языке | |
| a | Примечание | Электронная версия статьи: https://doi.org/10.30853/pedagogy.2018.4.11 | ||
| 504 | a | Библиография | Лит. в конце статьи | |
| 650 | 04 | a | Основная рубрика | психология; практическая психология (прикладная психология) |
| a | Основная рубрика | психотерапия | ||
| 653 | 1_ | a | Ключевые слова | арт-терапия |
| a | Ключевые слова | гуманистическая педагогика | ||
| a | Ключевые слова | жизненные ситуации | ||
| a | Ключевые слова | заболевания | ||
| a | Ключевые слова | коррекционные технологии | ||
| a | Ключевые слова | люди с ограниченными возможностями | ||
| a | Ключевые слова | междисциплинарные исследования | ||
| a | Ключевые слова | психолого-педагогическая реабилитация | ||
| a | Ключевые слова | Россия | ||
| a | Ключевые слова | социально незащищенные слои населения | ||
| a | Ключевые слова | социокультурная реабилитация | ||
| a | Ключевые слова | театротерапия | ||
| 773 | 08 | t | Заглавие источника | Педагогика. Вопросы теории и практики |
| d | Дата издания источника | 2018 | ||
| g | Прочая информация | № 4. - С. 53 - 56 | ||
| w | Контрольный № источника | DU/602701126 | ||
| 901 | t | Тип документа | b |